Multiple Choice City Quiz – Lisbon - Statistics

General Stats
  • This quiz has been taken 10,843 times
    10,822 since last reset
  • The average score is 6 of 10
Answer Stats
Question Answer % Correct
How is Lisbon spelled in its native language? Lisboa
79%
What explorer is buried at Jerónimos Monastery? Vasco da Gama
79%
Who are Lisbon's most successful football team? Benfica
76%
What almost completely destroyed the city in 1755? An earthquake and tsunami
73%
Which of these dishes is Lisbon famous for? Egg custard tart
73%
What color are Lisbon's distinctive trams? Yellow
64%
What music genre comes from Lisbon? Fado
58%
On what river is Lisbon located? Tagus
54%
What city in Brazil is named after a district in Lisbon? Belém
52%
Who, according to legend, founded Lisbon at the western edge of the world? Ulysses
33%
No matching quizzes found
Score Distribution
Percent of People with Each Score
Percentile by Number Answered
Your Score History
You have not taken this quiz since the last reset